<?xml version="1.0" encoding="UTF-8"?>
<collection xmlns="http://www.loc.gov/MARC21/slim">
  <record>
    <leader>00000nam  2200000   4500</leader>
    <controlfield tag="001">INLIS000000000006285</controlfield>
    <controlfield tag="005">20191218092704</controlfield>
    <datafield tag="035" ind1="#" ind2="#">
      <subfield code="a">0010-1219000116</subfield>
    </datafield>
    <controlfield tag="007">ta</controlfield>
    <controlfield tag="008">191218################g##########0#ind##</controlfield>
    <datafield tag="020" ind1="#" ind2="#">
      <subfield code="a">9798391365</subfield>
    </datafield>
    <datafield tag="082" ind1="#" ind2="#">
      <subfield code="a">302.2</subfield>
    </datafield>
    <datafield tag="084" ind1="#" ind2="#">
      <subfield code="a">302.2 Kuo k</subfield>
    </datafield>
    <datafield tag="100" ind1=" " ind2="#">
      <subfield code="a">Kuo, Eddie C.Y.</subfield>
    </datafield>
    <datafield tag="245" ind1="1" ind2="#">
      <subfield code="a">Kebijakan dan Pembangunan Komunikasi (Pengalaman Singapura) /</subfield>
      <subfield code="c">Eddie C.Y. Kuo</subfield>
    </datafield>
    <datafield tag="250" ind1="#" ind2="#">
      <subfield code="a">ed.1</subfield>
    </datafield>
    <datafield tag="260" ind1="#" ind2="#">
      <subfield code="a">Jakarta :</subfield>
      <subfield code="b">LP3ES,</subfield>
      <subfield code="c">1996</subfield>
    </datafield>
    <datafield tag="300" ind1="#" ind2="#">
      <subfield code="a">xvii, 143 hlm. :</subfield>
      <subfield code="b">ilus ;</subfield>
      <subfield code="c">23 cm</subfield>
    </datafield>
    <datafield tag="650" ind1="#" ind2="#">
      <subfield code="a">Komunikasi</subfield>
    </datafield>
    <datafield tag="700" ind1=" " ind2="#">
      <subfield code="a">Chen, Peter S.J.</subfield>
    </datafield>
    <datafield tag="520" ind1="#" ind2="#">
      <subfield code="a">Buku ini diperkenalkan kepada pembaca mengenai kebijakan dan perencanaan komunikasi di Singapura, yang sudah barang tentu bercorak Singapura. Selain dibahas aspek-aspek utama komunikasi, pembahasan detail mengenai Radio dan Televisi sebagai ilustrasi perencanaan komunikasi pada tingkat institusi, juga dibahas program-program komunikasi mengenai kependudukan dan Keluarga Berencana Singapura. Meskipun buku ini mengangkat pengalaman Singapura di bidang komunikasi, namun ia dapat dijadikan  perbandingan dengan komunikasi dengan segala aspeknya yang sedang berkembang di Indonesia.</subfield>
    </datafield>
    <datafield tag="856" ind1="#" ind2="#">
      <subfield code="a">Perpustakaan Lembaga Administrasi Negara</subfield>
    </datafield>
    <datafield tag="990" ind1="#" ind2="#">
      <subfield code="a">02085845</subfield>
    </datafield>
    <datafield tag="990" ind1="#" ind2="#">
      <subfield code="a">02085846</subfield>
    </datafield>
    <datafield tag="990" ind1="#" ind2="#">
      <subfield code="a">02085847</subfield>
    </datafield>
    <datafield tag="990" ind1="#" ind2="#">
      <subfield code="a">02085848</subfield>
    </datafield>
    <datafield tag="990" ind1="#" ind2="#">
      <subfield code="a">02085849</subfield>
    </datafield>
  </record>
</collection>
